00539nam a2200205Ia 4500003000400000005001700004006001800021007000300039008004100042024001000083037001800093040001800111041001300129100001500142110005900157245004100216260000900257650000800266700005900274OSt20220930204134.0a|||||r|||| 00| 0ta220926b |||||||| |||| 00| 0 eng d a81403 cDissertations aCRLcCRLbeng 2engaeng aBahl N. K. aUniversity of Delhi. Faculty of Law. Department of Law 0aTrends in law of confession in India c1981 aLAW aUniversity of Delhi. Faculty of Law. Department of Law